Clarín o la herejía amorosa
Uloženo v:
| Hlavní autor: | |
|---|---|
| Médium: | Kniha |
| Jazyk: | španělština |
| Vydáno: |
Madrid
Gredos
1975
|
| Edice: | Bibliotec Románica Hispánica. Estudios y Ensayos, 231
|
| Témata: | |
| Tagy: |
Přidat tag
Žádné tagy, Buďte první, kdo vytvoří štítek k tomuto záznamu!
|
MARC
| LEADER | 00000nam a2200000 a 4500 | ||
|---|---|---|---|
| 001 | UCT7393 | ||
| 003 | CL-VaPUC | ||
| 008 | 970117e19750000SP |||||||||||||||||spa|d | ||
| 082 | 0 | 4 | |a 860.9 |b GAR |2 21 |
| 100 | 0 | |a García Sarría, Francisco |e author |9 378338 | |
| 245 | 1 | 0 | |a Clarín o la herejía amorosa |
| 300 | |a 301 p | ||
| 942 | |c BK | ||
| 945 | |d 19970117 00:00:00 |a nastorga | ||
| 260 | |a Madrid |b Gredos |c 1975 | ||
| 600 | 0 | 7 | |a ALAS, LEOPOLDO |2 CL-VaPUC |9 348483 |
| 650 | 7 | |a NOVELA ESPAÑOLA |2 CL-VaPUC |9 313139 | |
| 650 | 0 | |a Religión |9 255164 | |
| 650 | 0 | |a Teatro español |9 265077 | |
| 650 | 0 | |a Amor |9 257817 | |
| 650 | 0 | |a Versos |9 377051 | |
| 650 | 0 | |a Crítica literaria |9 269189 | |
| 650 | 0 | |a Crítica e interpretación |9 255042 | |
| 583 | |a last modification |c 19970117 00:00:00 |k Rodrigo Vera | ||
| 490 | 0 | |a Bibliotec Románica Hispánica. Estudios y Ensayos, 231 | |
| 999 | |c 256018 |d 256016 | ||
| 952 | |0 0 |1 0 |4 0 |6 860_900000000000000_GAR_1975 |7 0 |8 A |9 278538 |a BIBEDU |b BIBEDU |d 2019-11-19 |i 3273490 |o 860.9 GAR 1975 |p 3273490 |r 2019-11-19 |w 2019-11-19 |y BK |k LIT | ||